Pengaturcaraan menggunakan C

Bibliographic Details
Main Author: Iskandar Ab Rashid
Other Authors: Zaitun Ismail
Format: Book
Language:Malay
Published: Kuala Lumpur : Venton Publishing , 2002
Subjects:

MARC

LEADER 00000cam a2200000 7i4500
001 0000013046
005 20230627.0
008 030925 my may
020 |a 9832031761 (pbk) 
040 |a INS 
090 0 0 |a QA76.73   |b .I81 2002 
100 0 |a Iskandar Ab Rashid 
245 1 0 |a Pengaturcaraan menggunakan C   |c Iskandar Ab. Rashid dan Zaitun Ismail 
260 |a Kuala Lumpur :   |b Venton Publishing ,   |c 2002 
300 |a v, 285 p. :   |b ill. ;   |c 26 cm. 
500 |a Includes index 
650 0 |a C (Computer program language) 
650 0 |a Microsoft Visual C 
650 0 |a Programming languages (Electronic computers)   |v Problems, exercises, etc. 
700 0 |a Zaitun Ismail 
999 |a 0000013573   |b BOOK   |c Open Shelf   |e Default branch